Mercury in medicine / (Record no. 143582)

MARC details
000 -LEADER
fixed length control field 00630nam a22002057a 4500
005 - DATE AND TIME OF LATEST TRANSACTION
control field 20170821112317.0
010 ## - LCCN (DPL NO)
LC control number ENG-119728
020 ## - INTERNATIONAL STANDARD BOOK NUMBER
International Standard Book Number 9788123779546
Terms of availability 140.00
035 ## - SYSTEM CONTROL NUMBER
System control number EN-103260
037 ## - SOURCE OF ACQUISITION
Source of stock number/acquisition DBAD/PUB
082 ## - DEWEY DECIMAL CLASSIFICATION NUMBER
Classification number 615.266
100 ## - MAIN ENTRY--PERSONAL NAME
Personal name Kulkarni, Abhijeet
245 ## - TITLE STATEMENT
Title Mercury in medicine /
Statement of responsibility, etc by Abhijeet Kulkarni
260 ## - PUBLICATION, DISTRIBUTION, ETC. (IMPRINT)
Place of publication, distribution, etc New Delhi
Name of publisher, distributor, etc National Book Trust
Date of publication, distribution, etc 2016
270 ## - ADDRESS
Address Nehru Bhawan, 5 Institutional Area, Phase-II Vasant Kunj,
City New Delhi
Postal code 110070
300 ## - PHYSICAL DESCRIPTION
Extent xii,116p. :
Dimensions 22cm(pbk)
Other physical details ill.(col.)
500 ## - GENERAL NOTE
General note Includes index
505 ## - FORMATTED CONTENTS NOTE
Formatted contents note vol.1
942 ## - ADDED ENTRY ELEMENTS (KOHA)
Source of classification or shelving scheme Dewey Decimal Classification
Item type English Books
Classification part 615.266
Call number suffix KUL
Holdings
Withdrawn status Lost status Not for loan Collection code Home library Current library Date acquired Source of acquisition Cost, normal purchase price Full call number Barcode Copy number Cost, replacement price Koha item type
      Non-fiction D.B.Act.Division Mobile Library 21/08/2017 DBAD/PUB 140.00 615.266 KUL EN-103260 1 140.00 English Books

© Delhi Public Library
Hit Counter
free hit counter